| 000 | 00712nam a22002177a 4500 | ||
|---|---|---|---|
| 005 | 20150610130337.0 | ||
| 008 | 140714b xxu||||| |||| 00| 0 Urdu d | ||
| 010 | _aUR-9033 | ||
| 020 | _c250.00 | ||
| 035 | _aU-7588 | ||
| 037 | _bDBAD | ||
| 040 |
_aDPL _bUrdu |
||
| 082 | _a 841 | ||
| 100 | _aصد يقی ا ظہا ر ا حمد | ||
| 245 |
_aتصو ر ا ت کا ر نگ _cصد يقی ا ظہا ر ا حمد |
||
| 246 | h |
_aTasawwurat ka Rang _bBy Izhar Ahmed Siddiqui |
|
| 260 |
_bIzhar Ahmed Siddiqui _c2013 _aVaranasi |
||
| 270 |
_aS-2/410A-1-KH,Near PatrakarpuramColony,Sikraul, _bVaranasi _k9454751524 _e221002 |
||
| 300 |
_a152ص _c22Cm (Hb) |
||
| 942 |
_2ddc _cUR _e _h 841 _mص د ی |
||
| 999 |
_c94185 _d94185 |
||